000 00575cam a22002053a 4500
001 39383
003 PGUSA
005 20140828083857.0
008 120405s2012||||xxu|||||s|||||000 | eng d
040 _aPGUSA
_beng
042 _adc
100 1 _aBarry, John David
245 1 0 _aMademoiselle Blanche :
_bA Novel
_h[electronic resource] /
_cJohn David Barry
260 _bProject Gutenberg,
_c2012
506 _aPublic domain in the USA.
516 _aElectronic text
830 0 _aProject Gutenberg
_v39383
856 4 0 _uhttp://www.gutenberg.org/ebooks/39383
942 _cEB
999 _c268636
_d268636